Movies Quiz

Random Movies or Marvel Quiz
Score 0/9 Timer 00:30
34 Plays Today
% Correct
Tony Stark
97.4%
Peter Parker
97.3%
Thor Odinson
97.3%
Nick Fury
96.1%
Steve Rogers
95.8%
Gamora
95.6%
Natasha Romanoff
92.1%
Wanda Maximoff
91.6%
Carol Danvers
91.4%
Remove Ads.
Support Sporcle.
Get the best of Sporcle when you Go Orange. This ad-free experience offers more features, more stats, and more fun while also helping to support Sporcle. Thank you for becoming a member.

You're not logged in!

Compare scores with friends on all Sporcle quizzes.
OR
Log In

Show Comments

Extras

Top Quizzes Today


Score Distribution

Your Account Isn't Verified!

In order to create a playlist on Sporcle, you need to verify the email address you used during registration. Go to your Sporcle Settings to finish the process.

Report this User

Report this user for behavior that violates our Community Guidelines.

Details: